La construcción del personaje.
Saved in:
| 主要作者: | |
|---|---|
| 格式: | 圖書 |
| 出版: |
Madrid, España:
Alianza,
2011.
|
| 版: | Tercera edición. |
| 叢編: | El libro de bolsillo.
|
| 主題: | |
| 標簽: |
添加標簽
沒有標簽, 成為第一個標記此記錄!
|
MARC
| LEADER | 00000nam a22000007a 4500 | ||
|---|---|---|---|
| 003 | CL-VaPUC | ||
| 005 | 20250321101916.0 | ||
| 008 | 250113t2011 ||||| |||| 00| 0 eng d | ||
| 999 | |c 446440 |d 446438 | ||
| 020 | |a 978-84-206-4388-5 | ||
| 040 | |c Pontificia Universidad Católica de Valparaíso | ||
| 082 | 7 | |2 22 |a 792.028 STA 2011 | |
| 100 | 1 | |a Stanislavski, Constantin |d 1863-1938 |e autor |9 895241 | |
| 245 | 1 | 3 | |a La construcción del personaje. |
| 250 | |a Tercera edición. | ||
| 260 | |a Madrid, España: |b Alianza, |c 2011. | ||
| 300 | |a 427 páginas. | ||
| 490 | |a El libro de bolsillo. | ||
| 500 | |a c.1.-c.2.Instituto Arcos 8-1-2025. | ||
| 583 | |c 20250113 |k GC | ||
| 650 | |a Actuación teatral |x Enseñanza |9 895242 | ||
| 942 | |2 ddc |c BK |n 0 | ||
| 952 | |0 0 |1 0 |2 ddc |4 0 |6 792_028000000000000_STA_2011 |7 0 |8 A |9 599137 |a BIBINC |b BIBINC |d 2025-01-13 |e Instituto Arcos |i 5664141 |o 792.028 STA 2011 |p 5664141 |r 2025-01-13 |t 1 |w 2025-01-13 |y BK |k IFP | ||
| 952 | |0 0 |1 0 |2 ddc |4 0 |6 792_028000000000000_STA_2011 |7 0 |8 A |9 601513 |a BIBINC |b BIBINC |d 2025-01-13 |e Instituto Arcos |i 5666400 |o 792.028 STA 2011 |p 5666400 |r 2025-03-19 |t 2 |w 2025-01-13 |y BK |k IFP | ||